• 首页
  • 本馆介绍
  • 公告通知
  • 最新文献
  • 馆藏检索
  • 电子资源
  • 读者导购
  • 参考咨询
  • 我的图书馆
  • 登录
  • 详细信息显示
  • 放入我的书架
  • 预约/预借图书
  • 作者相关作品
  • 分类相关作品
  • 丛书相关作品
  • 出版社相关作品

书目信息

  • 表格格式
  • 工作单格式
  • 卡片格式
题名:
经济管理中的预测技术和艺术
    
 
作者: 赵宏 主编
分册:  
出版信息: 北京   解放军出版社  1988.9
页数: 419页
开本: 19厘米
丛书名: 管理者丛书
单 册:
中图分类: F22
科图分类: 29.17
主题词: 经济管理--预测技术
电子资源:
ISBN: 7-5065-0617-3
000 00845nam2 2200277 45
001 0189003505
005 20070707164957.75
010    @a7-5065-0617-3@dCNY3.80
020    @aCN@b89003505
100    @a19900816d1988 m y0chiy0120 ea
101 0  @achi
102    @aCN@b110000
105    @ay z 000zy
200 10 @a经济管理中的预测技术和艺术@Ajing ji guan li zhong de yu ce ji shu he yi shu@f赵 宏主编@Fzhao hong zhu bian
210    @a北京@c解放军出版社@d1988.9
215    @a419页@d19厘米
225 2  @a管理者丛书
330    @a本书包括预测的基础知识,预测的各种方法等。
410  0 @120010@a管理者丛书
540 1  @a经济 管理 预测@Ajing ji guan li yu ce
606    @a经济管理@x预测技术
690    @aF22@v1980
692    @a29.17@v1974
701  0 @a赵宏@Azhao hong@4主编
801  0 @aCN@bTSSF@c20070707
905    @a10447@dF22@e255
    
    经济管理中的预测技术和艺术/赵 宏主编.-北京:解放军出版社,1988.9
    419页;19厘米.-(管理者丛书)
    
    
    ISBN 7-5065-0617-3:CNY3.80
    本书包括预测的基础知识,预测的各种方法等。
●
相关链接 在E读中查询图书 在五车中查询图书 在当当中查询图书 在豆瓣中查询图书


正题名:经济管理中的预测技术和艺术     索取号:F22/255         预约/预借

序号 登录号 条形码 馆藏地/架位号 状态 备注
1 0766968   207669682   第一样本阅览室/ [索取号:F22/255] 在馆    
唐山师范学院图书馆 欢迎您!
大连网信软件有限公司© 版权所有